A Study of Employee Satisfaction as a Measurement of Efficiency of Core Administrative Functions(Incentives - Loans/Allowances/Benefits) of Oil India Limited (Record no. 69056)

MARC details
000 -LEADER
fixed length control field 00495nam a2200145Ia 4500
008 - FIXED-LENGTH DATA ELEMENTS--GENERAL INFORMATION
fixed length control field 221007s9999 xx 000 0 und d
041 ## - LANGUAGE CODE
Language code of text/sound track or separate title eng
082 ## - DEWEY DECIMAL CLASSIFICATION NUMBER
Item number HAZ
100 ## - MAIN ENTRY--PERSONAL NAME
Personal name Hazarika Nillanjana - 2K91048
9 (RLIN) 101901
245 #2 - TITLE STATEMENT
Title A Study of Employee Satisfaction as a Measurement of Efficiency of Core Administrative Functions(Incentives - Loans/Allowances/Benefits) of Oil India Limited
260 ## - PUBLICATION, DISTRIBUTION, ETC. (IMPRINT)
Date of publication, distribution, etc. 2011
Name of publisher, distributor, etc. Pune University
Place of publication, distribution, etc. Pune
300 ## - PHYSICAL DESCRIPTION
Extent 107p
520 ## - SUMMARY, ETC.
Summary, etc. Bhave Manasi
906 ## - LOCAL DATA ELEMENT F, LDF (RLIN)
b General
Holdings
Withdrawn status Lost status Damaged status Not for loan Home library Current library Date acquired Vendor Full call number Barcode Date last seen Bill Date Koha item type Original Barcode
        Smt. Hiraben Nanavati Institute of Management & Research for Women Smt. Hiraben Nanavati Institute of Management & Research for Women 04/01/2012 HNIMR HAZ HIMR-PR-446 07/10/2022 04/01/2012 Project Reports PR0446